00586nam a2200193 a 4500001001300000003000900013005001700022008004100039020002300080082001700103100002000120245003200140260004200172300000900214500003500223505008400258650003000342700002000372nice12345678IN_TiNIC20260116013137.0050524s1997 leia grp 000 0 eng  a0851118 c89700a232.908bBAR aBarnett, Paul W aJesus and Logic of History. aLeicesterbInter Varsity Press c1997 a182p aincludes index and biblioraphy2 aIndex of author/New studies in Biblical Theology No.3, Series editor:D.A Carson aJesus Christ-Historiocity1 aBarnett, Paul W